000
00286nam a22001217a 4500
008
170529b xxu||||| |||| 00| 0 eng d
041
_a
eng
080
_2
2ND
_a
621.3
100
_a
27
101
_a
IM
245
_a
THE PHYSICS OF ELECTRICITY AND MAGNETISM
_c
SCOTT, W.T
942
_2
udc
_c
BK
999
_c
14763
_d
14763